Bugsnax Grumpuses - Statistics

General Stats
  • This quiz has been taken 75 times
  • The average score is 13 of 16
Answer Stats
Picture Answer % Correct
Filbo Fiddlepie
94%
Eggabell Batternugget
90%
Beffica Winklesnoot
88%
Chandlo Funkbun
88%
Wiggle Wigglebottom
88%
Elizabert Megafig
86%
Wambus Troubleham
84%
Cromdo Face
82%
Gramble Gigglefunny
82%
Snorpy Fizzlebean
82%
Shelda
80%
Triffany Lottablog
78%
Floofty Fizzlebean
71%
Clumby Clumbernut
65%
Alegander Jamfoot
57%
Snaxsquatch
55%
No matching quizzes found
Score Distribution
Percent of People with Each Score
Percentile by Number Answered
Your Score History
You have not taken this quiz